00733nam a2200181 i 450000100060000000300090000600500170001500700030003200800410003524500650007626000700014130000300021149000720024183000800031385200210039399900170041495201200043123793ES-MaACL20230906152933.0t|021212s1925 fr ||||1| fre d03aL'Ami du lettre-année littéraire & artistique pour 1925. aParís : bG. Crés & Cie, c[1925] (fTours E. Arrault et Cie) a478 p. : bil. ; c19 cm.1 aAssociation des courrieristes littéraires des journaux quotidiens0 aAssociation des courrieristes littéraires des journaux quotidiens9229055 aES-MaACLjA-3937 c23793d23793 00104070aATENEOMbATENEOMcSPP1d2008-01-17eSCl0oA-3937p1024519r2023-02-23 00:00:00w2023-02-23yMONOGRAFIA